Les 20 villes les plus peuplées du Morbihan - Statistiques

Statistiques générales
  • Ce quiz a été pris 148 fois
  • Le résultat moyen est 10 sur 20
Statistiques - réponses
Population Villes % Correct
57 846 Lorient
99%
54 420 Vannes
99%
14 774 Pontivy
81%
14 222 Auray
73%
23 026 Lanester
66%
15 746 Hennebont
65%
9 879 Ploërmel
59%
18 591 Ploemeur
49%
11 927 Saint-Avé
45%
11 947 Guidel
44%
8 944 Séné
42%
8 001 Questember
41%
8 318 Larmor-Plage
35%
8 977 Sarzeau
35%
8 790 Quéven
34%
7 074 Caudan
31%
8 047 Languidic
27%
7 651 Pluvigner
21%
6 966 Kervignac
20%
8 403 Theix-Noyalo
9%
Aucun quiz correspondant
Distribution des résultats
% des personnes avec chaque résultat
Percentile par nombre de réponses
Votre historique - résultats
Vous n’avez pas pris ce quiz